استخدام نموذج البرمجة العددية المختلطة فى تقييم نظام الرقابة الداخلية بمنظمات الاعمال لخدمة المراجع الخارجى : (رقم التسجيلة. 9269)

تفاصيل مارك
000 -LEADER
fixed length control field 015150000a22002770004500
003 - CONTROL NUMBER IDENTIFIER
control field EG-GICUC
005 - DATE AND TIME OF LATEST TRANSACTION
control field 20250223025251.0
008 - FIXED-LENGTH DATA ELEMENTS--GENERAL INFORMATION
fixed length control field 080512s2002 ua f m 000 0 ara d
040 ## - CATALOGING SOURCE
Original cataloging agency EG-GICUC
Language of cataloging ara
Transcribing agency EG-GICUC
041 0# - LANGUAGE CODE
Language code of text/sound track or separate title Ara
049 ## - LOCAL HOLDINGS (OCLC)
Holding library اهداء
097 ## - Thesis Degree
Thesis Level ماجستير
099 ## - LOCAL FREE-TEXT CALL NUMBER (OCLC)
Classification number Cai01.05.02.M.Sc.2002.رز.ا
100 0# - MAIN ENTRY--PERSONAL NAME
Personal name رزق ابوزيد يوسف الشحنة
245 10 - TITLE STATEMENT
Title استخدام نموذج البرمجة العددية المختلطة فى تقييم نظام الرقابة الداخلية بمنظمات الاعمال لخدمة المراجع الخارجى :
Remainder of title دراسة تحليلية ميدانية /
Statement of responsibility, etc. رزق ابوزيد يوسف الشحنة ؛ اشراف محمد عبدالرحمن العايدى : محسن محمد على اليمانى
246 15 - VARYING FORM OF TITLE
Title proper/short title Using the mixed integer programming model for evaluation the internal control system in a business organizations to help the external auditor :
Remainder of title Analyical applied study
260 ## - PUBLICATION, DISTRIBUTION, ETC.
Place of publication, distribution, etc. بورسعيد :
Name of publisher, distributor, etc. رزق ابوزيد يوسف الشحنة :
Date of publication, distribution, etc. 2002
300 ## - PHYSICAL DESCRIPTION
Extent 183ص ؛
Dimensions 25سم
502 ## - DISSERTATION NOTE
Dissertation note اطروحة (ماجستير) - جامعة قناة السويس - كلية التجارة ببورسعيد - قسم المحاسبة
700 0# - ADDED ENTRY--PERSONAL NAME
Personal name محسن محمد على اليمانى :
Relator term
700 0# - ADDED ENTRY--PERSONAL NAME
Personal name محمد عبدالرحمن العايدى :
Relator term
856 ## - ELECTRONIC LOCATION AND ACCESS
Uniform Resource Identifier <a href="http://172.23.153.220/th.pdf">http://172.23.153.220/th.pdf</a>
905 ## - LOCAL DATA ELEMENT E, LDE (RLIN)
Cataloger Fatma
Reviser Cataloger
905 ## - LOCAL DATA ELEMENT E, LDE (RLIN)
Cataloger Nazla
Reviser Revisor
942 ## - ADDED ENTRY ELEMENTS (KOHA)
Source of classification or shelving scheme Dewey Decimal Classification
Koha item type Thesis
المقتنيات
Source of classification or shelving scheme Not for loan Home library Current library Date acquired Full call number Barcode Date last seen Koha item type
Dewey Decimal Classification   المكتبة المركزبة الجديدة - جامعة القاهرة قاعة الرسائل الجامعية - الدور الاول 11.02.2024 Cai01.05.02.M.Sc.2002.رز.ا 01010100013171000 22.09.2023 Thesis
Cairo University Libraries Portal Implemented & Customized by: Eng. M. Mohamady Contacts: new-lib@cl.cu.edu.eg | cnul@cl.cu.edu.eg
CUCL logo CNUL logo
© All rights reserved — Cairo University Libraries
CUCL logo
Implemented & Customized by: Eng. M. Mohamady Contact: new-lib@cl.cu.edu.eg © All rights reserved — New Central Library
CNUL logo
Implemented & Customized by: Eng. M. Mohamady Contact: cnul@cl.cu.edu.eg © All rights reserved — Cairo National University Library